000 00499cam a22001571 4500
082 _a621.4021
_bZEM
_cL-12, P-40
100 1 _aZemansky, Mark Waldo,
_940014
245 1 0 _aBasic engineering thermodynamics
_c[by] H.W. Zemansky [and] H.C. Van Ness.
260 _aNew York,
_bMcGraw-Hill
_c[1966]
300 _axi, 380 p.
_billus.
_c24 cm.
526 _a0
_b0
_c0
_d621_402100000000000_ZEM
650 0 _aMCE
_9379
650 0 _aThermodynamics.
_97134
700 1 _aVan Ness, H. C.
_940028
942 _2ddc
_cBK
999 _c545810
_d545810